| 000 | 00942nam a2200265Ia 4500 | ||
|---|---|---|---|
| 005 | 20211111074834.0 | ||
| 008 | 130821s2007 sp gr spa | ||
| 020 | _a8481648874 | ||
| 040 |
_aCo-BoUCM _bspa |
||
| 041 | 0 | 0 | _aspa |
| 100 | 1 |
_aSchopenhauer, Arthur _d1788-1860 _9110830 |
|
| 245 | 1 | 0 |
_aDialéctica erística o el arte de tener razón, expuesta en 38 estratagemas _cArthur Schopenhauer ; traducción e introducción de Luis Fernando Moreno Claros |
| 250 | _a3a. ed. | ||
| 260 |
_aMadrid (España) _bEditorial Trotta _c2007 |
||
| 300 | _a99 páginas | ||
| 490 |
_aClásicos de la Cultura _v5 |
||
| 650 | 0 | 4 |
_aDialéctica _913168 |
| 650 | 0 | 4 |
_aFilosofía alemana _97622 |
| 650 | 0 | 4 |
_aFilosofía _975 |
| 650 | 0 | 4 |
_aRazón _923099 |
| 700 | 1 |
_aMoreno Claros, Luis Fernando _etrad. _9163657 |
|
| 765 | _aEristische dialektik oder die kunst | ||
| 942 |
_cLIBRO _a2 _e3 _mS373d _2DEWEY _h128.3 |
||
| 999 |
_c53519 _d53519 |
||